| 000 | 00729aas a2200217 4500 | ||
|---|---|---|---|
| 999 |
_c1816 _d1816 |
||
| 003 | BR-BrBNA | ||
| 005 | 20230317233323.0 | ||
| 007 | ta | ||
| 008 | 230119b bl ||||| |||| 00| 0 por d | ||
| 035 | _a000485-5 | ||
| 040 |
_aBR-BrBNA _bPor _cBR-BrBNA |
||
| 042 | _aN | ||
| 044 | _abl | ||
| 245 | _aAgropecuária Fluminense (Brazil) | ||
| 260 |
_aNiterói-RJ _bEmpresa de Assistencia Técnica e Extensão Rural do Estado do Rio de Janeiro - EMATER _c1987 _eBRJ |
||
| 270 | _aAlameda São Boaventura, 998 - Fonseca - 24120-000 - Rio de Janeiro - RJ | ||
| 310 | _airregular | ||
| 505 | _a1987 (2); 1988 (3); 1989 (4); 1990 (7); 1992 (34, 6,8-10); 1993 (11); 1994 (13-14); 1995 (8,15-16); | ||
| 909 |
_a56 _bSergio Santos _c56 _dSergio Santos |
||
| 942 |
_cCR _2AGRIS |
||